Países por Imagem #1 - Statistics

Estatísticas Gerais
  • Esse quiz foi jogado 342 vezes
  • A pontuação média é 10 de 15
Estatísticas das Respostas
Imagem Resposta % Correto
Brasil
99%
Rússia
95%
Japão
92%
Austrália
89%
México
87%
Índia
85%
Emirados Árabes Unidos
75%
Tailândia
70%
Alemanha
65%
Canadá
58%
Israel / Palestina
47%
Islândia
39%
Noruega
29%
Venezuela
24%
Nova Zelândia
20%
Nenhum quiz correspondente encontrado
Distribuição das Pontuações
Porcentagem de Pessoas com Cada Pontuação
Percentil de Números Respondidos
Sua Pontuação Histórica
Você não jogou esse quiz